00421nam a22001577a 4500003000500000005001700005008004100022020001800063040000600081082001700087100003600104245006400140260003200204300001200236650001500248CEME20210628202506.0210121b xxu||||| |||| 00| 0 eng d a81-7649-372-4 c. a658.4092 COH aCohen , William. A. Maj Gen (R) aThe new art of the leader ,leading with integrity and honor aNEW DELHIbVIVA BOOKSc2003 aXV,303P aLEADERSHIP